000 00805nam a2200253Ia 4500
001 dia_4442
003 CHAP
005 20251015145055.0
008 220117s1983 xx 000 0 und d
010 _a175100
040 _cCHAP
_amxchpua
_erda
090 _aFolleto 2360
100 _aLey Quiñones, José Gerardo
_966560
245 _aGuia para Producir Cartamo en el Valle de Santo Domingo /
_c J. Gerardo Ley Quiñones y Guadalupe Valle Mercado
260 _aMéxico :
_b Campo Agrícola Experimental Valle de Santo Domingo,
_c1983
300 _a12 p.
500 _aS/c (Folleto Para Productores, 4)
650 0 _aCártamo
_9155727
856 _a+
901 _aFOLLETO 2360
902 _aM
905 _a0000001983 mx A 0000000000spa00
942 _cFOLL
_2local
999 _c175100
_d175100